TV Debuts: 2000 Quiz Stats

Quiz Updated Nov 25, 2013

Also try: TV Debuts: 2001
Challenge
Share
Tweet
Score 0/20 Timer 04:00
1 Play Today
% Correct
Dora the Explorer
93.7%
Malcolm in the Middle
90.9%
Survivor
77.6%
Gilmore Girls
66.1%
Curb Your Enthusiasm
64.5%
CSI: Crime Scene Investigation
62.8%
Big Brother
44.3%
Aqua Teen Hunger Force
35.3%
Ed
33.3%
Dark Angel
29.9%
% Correct
Yes, Dear
26.3%
Boston Public
21.6%
Harvey Birdman, Attorney at Law
17.7%
Girlfriends
12.2%
Normal, Ohio
9.1%
Queer as Folk
5.7%
Street Smarts
4.9%
The District
4.1%
Freakylinks
1.1%
Deadline
0.9%

You're not logged in!

Compare scores with friends on all Sporcle quizzes.
Join for Free
OR
Log In

You Might Also Like...

Show Comments

Extras

Top Quizzes Today


Score Distribution

Your Account Isn't Verified!

In order to create a playlist on Sporcle, you need to verify the email address you used during registration. Go to your Sporcle Settings to finish the process.

Report this User

Report this user for behavior that violates our Community Guidelines.

Details: